Women`lifeworlds (Record no. 9532)

MARC details
000 -LEADER
fixed length control field 00651nam a2200241 a 4500
020 ## - INTERNATIONAL STANDARD BOOK NUMBER
ISBN
082 00 - DEWEY DECIMAL CLASSIFICATION NUMBER
Classification number 305.420917
Author Cutter SIZ
100 ## - MAIN ENTRY--AUTHOR NAME
Author name Sizoo, Edith
245 ## - TITLE STATEMENT
Title Women`lifeworlds
Sub title Women`s Narratives on Shaping Their Realities
260 ## - PUBLICATION, DISTRIBUTION, ETC. (IMPRINT)
Place of publication London
Name of publisher Routledge Chapman Hall
Year of publication 1997
300 ## - PHYSICAL DESCRIPTION
Number of Pages 254p
500 ## - GENERAL NOTE
General note includes index and biblioraphy
505 2# - FORMATTED CONTENTS NOTE
Formatted contents note Appendix, Bibliography, Index
650 ## - SUBJECT ADDED ENTRY--TOPICAL TERM
Topical Term Women-Developing Countrie
942 ## - ADDED ENTRY ELEMENTS (KOHA)
Koha item type Books
700 1# -
-- Sizoo, Edith
Holdings
Collection code Home library Current library Date acquired Cost, normal purchase price Full call number Accession Number Koha item type
  Henry Martyn Institute Library Henry Martyn Institute Library 03/23/2007 15.99 305.420917 SIZ 018113 Books
                   Copyright © 2026 | Henry Martyn Institute | Hyderabad | TS-500052 | INDIA | Implemented by hmi.edu.in
Hit-Count:

Powered by Koha